El conocimiento del niño por la escritura : (Record no. 38011)

MARC details
000 -LEADER
fixed length control field 00676nam a22001817a 4500
008 - FIXED-LENGTH DATA ELEMENTS--GENERAL INFORMATION
fixed length control field 130610t sp||||| |||| 00| 0 spad
020 ## - INTERNATIONAL STANDARD BOOK NUMBER
International Standard Book Number 8470307207
050 04 - LIBRARY OF CONGRESS CALL NUMBER
Classification number BF720.P56
Item number P48 1999
100 1# - MAIN ENTRY--PERSONAL NAME
Personal name Peugeot, Jacqueline
245 13 - TITLE STATEMENT
Title El conocimiento del niño por la escritura :
Statement of responsibility, etc El estudio grafologìco de la infancia y sus dificultades
Medium Jaqueline Peugeot; ed. Amparo Botella de Figueroa
260 ## - PUBLICATION, DISTRIBUTION, ETC. (IMPRINT)
Place of publication, distribution, etc Madrid, España :
Name of publisher, distributor, etc Biblioteca Nueva,
Date of publication, distribution, etc 1999
300 ## - PHYSICAL DESCRIPTION
Extent 253 p.
Dimensions 24 cm.
440 #0 - SERIES STATEMENT/ADDED ENTRY--TITLE
Title Escrituras Espànolas
Number of part/section of a work No. 1
504 ## - BIBLIOGRAPHY, ETC. NOTE
Bibliography, etc Incluye biobliografìas
650 #4 - SUBJECT ADDED ENTRY--TOPICAL TERM
Topical term or geographic name as entry element Psicologìa infantil
General subdivision Psicologìa
700 1# - ADDED ENTRY--PERSONAL NAME
Personal name Botella de Figueroa, Amparo, ed.
942 ## - ADDED ENTRY ELEMENTS (KOHA)
Source of classification or shelving scheme Clasificación Decimal Dewey
Koha item type Libro
Holdings
Estado de pérdida Fuente de clasificación Estado del daño No para préstamo Ubicación permanente Ubicación actual Apartado o colección Fecha de adquisición Fuente de adquisición Enumeración de Serie / Cronológica Dependencia de educación superior (DES) Área del conocimiento Clasificación Código de Barras Date last seen Número de copia Tipo de recurso
  Biblioteca del Cogreso de los Estados Unidos     Biblioteca de la Facultad de Psicología Biblioteca de la Facultad de Psicología General 10/06/2013   BFP000003055     BF720.P56 P48 1999 BFP000003055 10/06/2013 1 Libro